LEADER 02087nas 2200625-a 450 001 996217423703316 005 20220220213024.0 011 $a2155-7896 035 $a(DE-599)ZDB2204109-6 035 $a(OCoLC)61773192 035 $a(CKB)110978979271682 035 $a(CONSER)--2010202296 035 $a(EXLCZ)99110978979271682 100 $a20051004c1996uuuu s-- a 101 0 $aeng 135 $aurbn|---uuuuu 181 $ctxt$2rdacontent 182 $cc$2rdamedia 183 $acr$2rdacarrier 200 10$aWorld libraries 210 $aRiver Forest, IL $cRosary College Graduate School of Library and Information Science$d1996- 300 $aRefereed/Peer-reviewed 300 $aTitle from journal home page (viewed Oct. 4, 2005). 300 $aDescription based in part on print record. 311 $a1092-7441 606 $aLibrary science$zDeveloping countries$vPeriodicals 606 $aLibraries$zDeveloping countries$vPeriodicals 606 $aLibraries 606 $aLibraries 606 $aBibliothéconomie$zPays en voie de développement$vPériodiques 606 $aBibliothèques$zPays en voie de développement$vPériodiques 606 $aBibliothèques 606 $alibraries (buildings)$2aat 606 $aLibraries$2fast$3(OCoLC)fst00997341 606 $aLibrary science$2fast$3(OCoLC)fst00997916 607 $aDeveloping countries$2fast 608 $aPeriodical 608 $aPeriodicals.$2fast 615 0$aLibrary science 615 0$aLibraries 615 0$aLibraries. 615 2$aLibraries 615 6$aBibliothéconomie 615 6$aBibliothèques 615 6$aBibliothèques. 615 7$alibraries (buildings) 615 7$aLibraries. 615 7$aLibrary science. 676 $a020 712 02$aRosary College (River Forest, Ill.).$bGraduate School of Library and Information Science. 712 02$aDominican University.$bGraduate School of Library and Information Science. 906 $aJOURNAL 912 $a996217423703316 996 $aWorld libraries$91954133 997 $aUNISA LEADER 02635oas 2201117 a 450 001 9910145992803321 005 20251016213013.0 011 $a1433-0490 035 $a(DE-599)1463181-7 035 $a(OCoLC)39969890 035 $a(CONSER) 00242408 035 $a(CKB)954925623260 035 $a(EXLCZ)99954925623260 100 $a19980930a19979999 uy a 101 0 $aeng 135 $aur||||||||||| 181 $ctxt$2rdacontent 182 $cc$2rdamedia 183 $acr$2rdacarrier 200 10$aTheory of computing systems 210 $aNew York, NY $cSpringer$d©1997- 300 $aRefereed/Peer-reviewed 311 08$a1432-4350 517 1 $aTOCS 531 0 $aTheory comput. syst. 606 $aComputer science$vPeriodicals 606 $aComputers$vPeriodicals 606 $aComputer Science$2ebps 606 $aComputer science$2fast$3(OCoLC)fst00872451 606 $aComputers$2fast$3(OCoLC)fst00872776 606 $aSystemtheorie$2gnd 606 $aTheoretische Informatik$2gnd 606 $aZeitschrift$2gnd 606 $aOnline-Ressource$2gnd 606 $aAnalyse de syste?mes$vPe?riodiques 608 $aComputer network resources. 608 $aPeriodicals.$2fast 608 $aZeitschrift$2swd 608 $aOnline-Publikation$2swd 615 0$aComputer science 615 0$aComputers 615 7$aComputer Science. 615 7$aComputer science. 615 7$aComputers. 615 7$aSystemtheorie. 615 7$aTheoretische Informatik. 615 7$aZeitschrift. 615 7$aOnline-Ressource. 615 6$aAnalyse de syste?mes 801 0$bPIT 801 1$bPIT 801 2$bOCL 801 2$bMYG 801 2$bOCLCQ 801 2$bWAU 801 2$bUKMGB 801 2$bTXA 801 2$bOCLCQ 801 2$bBUF 801 2$bDLC 801 2$bOCLCF 801 2$bOCLCO 801 2$bVT2 801 2$bCCO 801 2$bOCLCQ 801 2$bOCLCO 801 2$bOCLCQ 801 2$bDEFHM 801 2$bOCLCO 801 2$bOCLCA 801 2$bWT2 801 2$bOCLCQ 801 2$bAU@ 801 2$bOCLCO 801 2$bNJT 801 2$bDLC 801 2$bSFB 801 2$bOCLCQ 801 2$bUEJ 801 2$bSRU 801 2$bVLY 801 2$bBWN 801 2$bGUA 801 2$bOCLCQ 801 2$bOCLCA 801 2$bUAB 801 2$bJ9U 801 2$bCEF 801 2$bFIE 801 2$bCSU 801 2$bRCE 801 2$bOCLCL 906 $aJOURNAL 912 $a9910145992803321 996 $aTheory of computing systems$91110865 997 $aUNINA